00416 a2200133 4500001001000000005001700010008004100027245006800068100002100136700001900157700002100176773006800197999001700265ART_1481520260410161913.0260409a 10aThe price of energy and potential growth of developed countries1 aOsterrieth, Marc1 aGunning, J. W.1 aWaelbroeck, Jean0 tEuropean economic reviewg- Vol. 7, NÂș 1 (ene. 1976)wREV13346 c27049d27049